00322nam a2200133Ia 4500008004100000100001500041245004700056250001200103260002900115300000800144650001200152942000700164999001700171190216s9999||||xx |||||||||||||| ||und|| aTewari. Kk 0aElectricity And Magnetism With Electronics a2nd Ed. bSudha Pubs Pvt Ltdc1988 a922 aPhysics cBK c33134d33134